000 00520nam a22001457a 4500
005 20150601112332.0
008 150601b xxu||||| |||| 00| 0 eng d
040 _cPK-LaUMT
082 _aKHC 954.0359
_bMUS-S
100 _aمصطفے علی بریلوی
245 _aسنتالیس کے آنسو
_bہندوستان میں خون مسلم کی ارزانی
_cمصطفے علی بریلوی
260 _aکراچی
_bآل پاکستان مسلم ایجوکیشنل کانفرنس
_c1978
300 _a231 ص
942 _cBK
999 _c72369
_d72369